Arbetsmiljön - Statistics

Yleistilastot
  • Tätä visaa on pelattu 3 kertaa
  • Keskiarvotulos 13 / 27
Vastaustilastot
Hint Vastaus % Oikein
tietokone en dator
100%
wc en toalett
100%
portaat en trappa
100%
työpöytä ett arbetsbord
100%
työhuone ett arbetsrum
100%
USB-muisti ett usb-minne
100%
laatuinsinööri en kvalitetsingenjör
67%
palkka-assistentti en löneassistent
67%
matkapuhelin en mobil
67%
henkilöstöpäällikkö en personalchef
67%
suunnittelija en planerare
67%
sihteeri en sekreterare
67%
kokoushuone ett mötesrum
67%
ostaja en inköpare
33%
IT- tuki en it-support
33%
nimikyltti en namnbricka
33%
kulkuavain en passernyckel
33%
henkilöstöravintola en personalrestaurang
33%
tulostin en skrivare
33%
toimitusjohtaja en VD
33%
sosiaalitilat sociala utrymmen
33%
osastopäällikkö en avdelningschef
0%
terveydenhoitaja en hälsovårdare
0%
työkaveri en medarbetare
0%
vastaanottohuone en mottagning
0%
taukotila ett fikkarum
0%
avotoimisto ett öppet kontor
0%
Ehtoja vastaavia visoja ei löytynyt
Tulosjakauma
Jokaisen tuloksen saaneiden osuus
Persentiili vastausten määrän mukaan
Tuloshistoriasi
Et ole pelannut tätä visaa